000 00617cam a22002291 4500
001 sa 64005674
003 DLC
005 20260227112034.0
008 890522s1963 ii 000 0 beno
010 _asa 64005674
035 _a(OCoLC)19747065
040 _aDLC
_cWaU
_dDLC
042 _apremarc
043 _aa-ii---
050 0 0 _aPK1701
_b.B445
100 1 _aBhaṭṭācārya, Āśutosha,
_d1909-1984.
245 1 0 _aĀdhunika Bāṃlā sāhityera saṃkshipta itihāsa.
260 _c[1963]
300 _a435 p.
_c23 cm.
500 _aIn Bengali.
650 0 _aBengali literature
_xHistory and criticism.
999 _c59259
_d59259